| 000 | 00364nam a2200133Ia 4500 | ||
|---|---|---|---|
| 008 | 210430s9999 xx 000 0 und d | ||
| 020 | _a978-81-8489-637-4 | ||
| 082 | _a511.3 H254 I | ||
| 100 |
_aJohn Harris _954290 |
||
| 245 | 3 |
_aAn Introduction to Fuzzy Logic Applications _cJohn Harris |
|
| 260 |
_aNepal _bSpringer _c2000 |
||
| 300 | _a218p | ||
| 942 |
_cBK _2ddc |
||
| 999 |
_c564782 _d564782 |
||